Statistiques concernant Personnages de l'univers de Professeur Layton par Emojis

Cliquez ici pour prendre le quiz!

Statistiques générales

  • Ce quiz a été pris 179 fois
  • Le résultat moyen est 5 sur 10

Statistiques - réponses

EmojisPersonnages% Correct
Hershel Layton
100%
Luke Triton
80%
Emmy Altava
65%
Mamie Mystère
57%
Flora Reinhold
49%
Jean Descole
49%
Clamp Grosky
36%
Katrielle Layton
31%
Randall Ascott
29%
Léon Bronev
17%

Distribution des résultats

Percentile par nombre de réponses

% des personnes avec chaque résultat

Votre développement - résultats

Vous n’avez pas pris ce quiz